| 000 | 00722nam a2200217 i 4500 | ||
|---|---|---|---|
| 001 | 176647 | ||
| 003 | ES-MaACL | ||
| 005 | 20230906220142.0 | ||
| 008 | 110128r2002 sp |||| | spa d | ||
| 080 | _a821.134.2-34"19" | ||
| 100 | 1 |
_aAub, Max, _d1903-1972 _923783 |
|
| 245 | 1 | 3 |
_aEl remate / _c[Max Aub]. |
| 260 |
_a[Madrid : _bFundación Max Aub, _c2002] |
||
| 300 |
_a25 p. ; _c25 cm. |
||
| 500 | _aAcceso a Sala de espera. | ||
| 594 | _aPrecede al tít.: Sala de espera: el que busca da | ||
| 595 | _aN. extraordinario imp. el 19 de agosto de 1961, a los XXV años del asesinato de Federico García Lorca | ||
| 595 | _aSeparata de: Sala de espera. | ||
| 852 | 4 |
_aES-MaACL _j2274-F-16 |
|
| 999 |
_c176647 _d176647 |
||